Nghiên cứu tính chất nhiệt động của hệ vật liệu vô định hình bằng phương pháp Monte Carlo và nhiệt động lực học phân tử : Báo cáo tổng kết đề tài nghiên cứu khoa học của sinh viên
Tìm hiểu mối quan hệ giữa cấu trúc vật liệu và năng lượng liên kết riêng tương ứng dưới tác dụng của hố thế vuông vô hạn (hệ hard-spheres); Nghiên cứu điều kiện để hệ hạt keo dị hướng hình thành cấu trúc cân bằng bền dạng phẳng...
Đã lưu trong:
| Príomhúdar: | |
|---|---|
| Formáid: | Leabhar |
| Teanga: | Undetermined |
| Foilsithe: |
Cần Thơ
Trường Đại học Cần Thơ
2018
|
| Ábhair: | |
| Clibeanna: |
Cuir Clib Leis
Gan Chlibeanna, Bí ar an gcéad duine leis an taifead seo a chlibeáil!
|
| Thư viện lưu trữ: | Trung tâm Học liệu Trường Đại học Cần Thơ |
|---|
| LEADER | 01477nam a2200217Ia 4500 | ||
|---|---|---|---|
| 001 | CTU_229272 | ||
| 008 | 210402s9999 xx 000 0 und d | ||
| 082 | |a 621.4021 | ||
| 082 | |b Gi106 | ||
| 088 | |a TSV2018-98 | ||
| 100 | |a Phan, Thị Hương Giang | ||
| 245 | 0 | |a Nghiên cứu tính chất nhiệt động của hệ vật liệu vô định hình bằng phương pháp Monte Carlo và nhiệt động lực học phân tử : | |
| 245 | 0 | |b Báo cáo tổng kết đề tài nghiên cứu khoa học của sinh viên | |
| 245 | 0 | |c Phan Thị Hương Giang (Chủ nhiệm đề tài) ; Đặng Minh Triết (Người hướng dẫn) | |
| 260 | |a Cần Thơ | ||
| 260 | |b Trường Đại học Cần Thơ | ||
| 260 | |c 2018 | ||
| 520 | |a Tìm hiểu mối quan hệ giữa cấu trúc vật liệu và năng lượng liên kết riêng tương ứng dưới tác dụng của hố thế vuông vô hạn (hệ hard-spheres); Nghiên cứu điều kiện để hệ hạt keo dị hướng hình thành cấu trúc cân bằng bền dạng phẳng và quá trình chuyển pha của hệ keo đẳng hưởng dưới tác dụng của lực Casimir tới hạn. | ||
| 650 | |a Nhiệt động lực học,Thermodynamics | ||
| 910 | |b nthai | ||
| 980 | |a Trung tâm Học liệu Trường Đại học Cần Thơ | ||